zpět

Detail výsledku týmu

The PUB Praha 6 , Praha

Datum a čas kvízu

22.5 Celkem bodů Celkový počet nahraných bodů na tomto kvízu bez doplňovacích otázek.
7. Pořadí na kvízu Konečné umístění týmu na tomto kvízu.

Zaznamenané odpovědi

# Otázka Odpověď Body Výsledky
1. V minulém týdnu oznámila fakul... Vysoká škola ekonomická v Praze (VŠE), používání umělé inteligence 1
2. Ve kterém evropském státě se m... v Nizozemsku 1
3. Ve čtvrtek měl premiéru americ... Ridley Scott, Joaquin Phoenix 0
4. Státní firma Čepro, která prov... Robin Oil 0
5. Německá fotbalová reprezentace... Rakousko, 2:0 0
6. Střední Asií budeme mít na mys... Taškent 0
7. Ač jsou některé státy Střední... 1D 2B 3A 4C 0
8. Ve snaze o zavlažení polí pro... Aralské jezero 0
9. Napište jméno turkického vojev... Tamerlan, též Timur, Temur, Amir Temur nebo Timur Lenk 0
10. Ve kterém státě se nachází měs... Tádžikistán 0